Temas históricos / (Registro nro. 13853)

Detalles MARC
000 -LEADER
fixed length control field 01019nam a2200301 a 4500
001 - CONTROL NUMBER
control field 000000538
003 - CONTROL NUMBER IDENTIFIER
control field OSt
005 - DATE AND TIME OF LATEST TRANSACTION
control field 20230713114923.0
008 - FIXED-LENGTH DATA ELEMENTS--GENERAL INFORMATION
fixed length control field 081218s2000 dr 000 0 spa d
020 ## - INTERNATIONAL STANDARD BOOK NUMBER
International Standard Book Number 9993410039
020 ## - INTERNATIONAL STANDARD BOOK NUMBER
International Standard Book Number 9789993410034
040 ## - CATALOGING SOURCE
Original cataloging agency DO-SdBNP
Language of cataloging spa
Transcribing agency BPMSU
082 #4 - DEWEY DECIMAL CLASSIFICATION NUMBER
Classification number 972.93
Item number B742t, 2000
Edition number 22
100 1# - MAIN ENTRY--PERSONAL NAME
Personal name Bosch, Juan,
Dates associated with a name 1909-2001
9 (RLIN) 1
100 z# - MAIN ENTRY--PERSONAL NAME
Personal name Bosch Gaviño, Juan, 
Dates associated with a name 1909-2001
100 z# - MAIN ENTRY--PERSONAL NAME
Personal name Gaviño, Juan Bosch
Dates associated with a name 1909-2001
245 10 - TITLE STATEMENT
Title Temas históricos /
Statement of responsibility, etc. Juan Bosch.
250 ## - EDITION STATEMENT
Edition statement 2a. ed.
260 ## - PUBLICATION, DISTRIBUTION, ETC. (IMPRINT)
Place of publication, distribution, etc. Santo Domingo :
Name of publisher, distributor, etc. Alfa & Omega,
Date of publication, distribution, etc. 2000.
300 ## - PHYSICAL DESCRIPTION
Extent v. ;
Dimensions 21 cm.
505 0# - FORMATTED CONTENTS NOTE
Title Artículos sobre la historia --
-- Temas dominicanos --
-- Personajes históricos --
-- Temas de historia general --
-- Hablando del fascismo.
590 ## - LOCAL NOTE (RLIN)
Local note Inventariado, 2023/VM
650 #4 - SUBJECT ADDED ENTRY--TOPICAL TERM
Topical term or geographic name as entry element Personajes históricos
Geographic subdivision República Dominicana.
651 #4 - SUBJECT ADDED ENTRY--GEOGRAPHIC NAME
Geographic name República Dominicana
General subdivision Historia
651 #4 - SUBJECT ADDED ENTRY--GEOGRAPHIC NAME
Geographic name América Latina
General subdivision Historia
910 ## - USER-OPTION DATA (OCLC)
User-option data VMateo V. Control de calidad (BPMSU)
942 ## - ADDED ENTRY ELEMENTS (KOHA)
Source of classification or shelving scheme Dewey Decimal Classification
Koha item type Libros
Existencias
Withdrawn status Lost status Source of classification or shelving scheme Damaged status Not for loan Collection code Home library Current library Date acquired Source of acquisition Full call number Barcode Date last seen Price effective from Koha item type Total Checkouts Copy number
    Dewey Decimal Classification     Colección Dominicana Biblioteca Pública Metropolitana Salomé Ureña Biblioteca Pública Metropolitana Salomé Ureña 11/08/2021 Fundacón Juan Bosch BPMSU CD 972.93 B742t 2000 BPMSU21110058 11/08/2021 11/08/2021 Libros    
    Dewey Decimal Classification     Colección Dominicana Biblioteca Pública Metropolitana Salomé Ureña Biblioteca Pública Metropolitana Salomé Ureña 11/08/2021 Fundacón Juan Bosch BPMSU CD 972.93 B742t 2000 BPMSU23070031 07/13/2023 11/08/2021 Libros   e.2